000
00294nam a22001337a 4500
008
170614b xxu||||| |||| 00| 0 eng d
020
_a
9781586489366
041
_a
eng
080
_a
94
100
_a
19
101
_a
SHP
245
_a
THE LAST GREAT SENATE
_c
SHAPIRO.I
942
_2
udc
_c
BK
999
_c
17325
_d
17325